මහ රහතුන් වැඩි මඟ ඔස්සේ /

Saved in:
Bibliographic Details
Main Author: සුබසිංහ,ඉන්ද්‍රජිත්
Format: Book
Language:English
Sinhalese
Tags: Add Tag
No Tags, Be the first to tag this record!

MARC

LEADER 00000nam a22000007a 4500
003 LK-ApPL
005 20260420124435.0
008 260420b |||||||| |||| 00| 0 eng d
020 |a 9789557887227 
040 |a LK-ApPL  |b sin  |d LK-ApPL 
041 |a sin 
082 |2 23  |a 294.3  |b සුබසි  
100 |a සුබසිංහ,ඉන්ද්‍රජිත් 
245 |a මහ රහතුන් වැඩි මඟ ඔස්සේ /  |c ඉන්ද්‍රජිත් සුබසිංහ 
300 |a පි. 198 :  |c සෙ.මි.21 
942 |c LBK 
999 |c 24357  |d 24357